Guccione's geriatric physical therapy / (Registro nro. 69404)
[ vista simple ]
| 000 -LEADER | |
|---|---|
| fixed length control field | 01081aam a2200325 i 4500 |
| 001 - CONTROL NUMBER | |
| control field | 69404 |
| 003 - CONTROL NUMBER IDENTIFIER | |
| control field | Mx-PuUPA |
| 005 - DATE AND TIME OF LATEST TRANSACTION | |
| control field | 20220302075622.0 |
| 008 - FIXED-LENGTH DATA ELEMENTS--GENERAL INFORMATION | |
| fixed length control field | 211119s2020 mouad||fr|||| 001 0 spa d |
| 020 ## - INTERNATIONAL STANDARD BOOK NUMBER | |
| International Standard Book Number | 9780323609128 |
| 040 ## - CATALOGING SOURCE | |
| Original cataloging agency | Mx-PuUPA |
| Language of cataloging | spa |
| Transcribing agency | Mx-PuUPA |
| Modifying agency | Mx-PuUPA |
| Description conventions | rda |
| 041 0# - LANGUAGE CODE | |
| Language code of text/sound track or separate title | spa |
| 245 00 - TITLE STATEMENT | |
| Title | Guccione's geriatric physical therapy / |
| Statement of responsibility, etc. | Dale Avers, Rita A. Wong, [editores] |
| 246 10 - VARYING FORM OF TITLE | |
| Title proper/short title | Geriatric physical therapy |
| 250 ## - EDITION STATEMENT | |
| Edition statement | Fourth edition |
| 264 #1 - PRODUCTION, PUBLICATION, DISTRIBUTION, MANUFACTURE, AND COPYRIGHT NOTICE | |
| Place of production, publication, distribution, manufacture | Missouri : |
| Name of producer, publisher, distributor, manufacturer | Elsevier, |
| Date of production, publication, distribution, manufacture, or copyright notice | ©2020 |
| 300 ## - PHYSICAL DESCRIPTION | |
| Extent | xi, 718 páginas : |
| Other physical details | ilustraciones, gráficas ; |
| Dimensions | 28 cm |
| 336 ## - CONTENT TYPE | |
| Fuente | rdacontent |
| Content type term | texto |
| Content type code | txt |
| 337 ## - MEDIA TYPE | |
| Source | rdamedia |
| Media type term | sin medio |
| Media type code | n |
| 338 ## - CARRIER TYPE | |
| Source | rdacarrier |
| Carrier type term | volumen |
| Carrier type code | nc |
| 650 #4 - SUBJECT ADDED ENTRY--TOPICAL TERM | |
| Topical term or geographic name entry element | Fisioterapia para personas mayores |
| 650 #4 - SUBJECT ADDED ENTRY--TOPICAL TERM | |
| Topical term or geographic name entry element | Terapéutica |
| 700 1# - ADDED ENTRY--PERSONAL NAME | |
| Personal name | Avers, Dale, |
| Relator term | editor |
| 9 (RLIN) | 11773 |
| 700 1# - ADDED ENTRY--PERSONAL NAME | |
| Personal name | Wong, Rita A., |
| Relator term | editor |
| 942 ## - ADDED ENTRY ELEMENTS (KOHA) | |
| Source of classification or shelving scheme | Dewey Decimal Classification |
| Classification part | 615.8 |
| Item part | G92 |
| Koha item type | Libro |
| 260 ## - PUBLICATION, DISTRIBUTION, ETC. | |
| Name of publisher, distributor, etc. | Elsevier Health |
| Date of publication, distribution, etc. | 2012 |
| Withdrawn status | Lost status | Source of classification or shelving scheme | Damaged status | Not for loan | Collection code | Home library | Current library | Shelving location | Date acquired | Source of acquisition | Cost, normal purchase price | Full call number | Barcode | Date last seen | Cost, replacement price | Price effective from | Koha item type |
|---|---|---|---|---|---|---|---|---|---|---|---|---|---|---|---|---|---|
| Dewey Decimal Classification | General | Biblioteca Karol Wojtyla | Biblioteca Karol Wojtyla | Sala general | 23/02/2021 | 2 | 2759.46 | 615.8 G92 2020 | 102038 | 05/01/2026 | 2759.46 | 23/02/2021 | Reserva permanente |